| 000 | 00936nam a2200181 4500 | ||
|---|---|---|---|
| 001 | 121706 | ||
| 003 | ES-MaACL | ||
| 005 | 20230906191815.0 | ||
| 007 | t| | ||
| 008 | 070214s1935 xxk r ||||1| eng d | ||
| 245 | 0 | 0 |
_aSix soviet plays / _cedited by Eugene Lyons ; with an introduction by Elmer Rice. |
| 260 |
_aLondon : _bVictor Gollancz, _c1935. |
||
| 300 |
_a608 p. ; _c19 x 12 cm. |
||
| 505 | 8 | _aContiene: Days of the Turbins, by Michael Bulgakov; translated by Eugene Lyons. --- Squaring the circle, by Valentine Katayev; translated by Eugene Lyons and Charles Malamuth. --- Tempo, by Nikolai Pogodin; translated by Irving Talmadge --- Inga, by Anatole Giebov; translated by Charles Malamuth. --- Bread, by Vladimir Kirshon; translated by Sonia Volochova. ---- Fear, by Alexander Afinogenyev; translated by Charles Malamuth. | |
| 700 | 1 |
_aLyons, Eugene. _974958 |
|
| 700 | 1 |
_aRice, Elmer. _996888 |
|
| 852 |
_aES-MaACL _jA-3186 |
||
| 999 |
_c121706 _d121706 |
||